Score 0/22 Timer 03:00
0 Plays Today
Show Missing Word % Correct
_____ Five-OHawaii
95%
21 _____ StreetJump
94.1%
Starsky and _____Hutch
93.7%
_____ ViceMiami
93.4%
NYPD _____Blue
91.4%
_____ a TraceWithout
91.2%
Walker, _____ RangerTexas
89.8%
CSI: Crime Scene _____Investigation
88%
Law & Order: Special _____ UnitVictims
85.2%
Cold _____Case
85.1%
In the _____ of the NightHeat
78.5%
Show Missing Word % Correct
Cagney & _____Lacey
77.3%
_____ Street BluesHill
74.2%
T.J. _____Hooker
70.3%
The Mod _____Squad
67.9%
Nash _____Bridges
62.8%
Car _____, Where Are You?54
58.3%
_____ 911!Reno
53.9%
Blue _____Bloods
41.1%
_____ GraceSaving
41%
Silk _____Stalkings
27.6%
_____ RockCop
19.9%

Today's Daily Dose

Remove Ads.
Support Sporcle.
Get the best of Sporcle when you Go Orange. This ad-free experience offers more features, more stats, and more fun while also helping to support Sporcle. Thank you for becoming a member.

You're not logged in!

Compare scores with friends on all Sporcle quizzes.
OR
Log In

Show Comments

Extras

Top Quizzes Today


Score Distribution

Your Account Isn't Verified!

In order to create a playlist on Sporcle, you need to verify the email address you used during registration. Go to your Sporcle Settings to finish the process.

Report this User

Report this user for behavior that violates our Community Guidelines.

Details: